P-Letter Subdivisions of North America - Statistics

General Stats
  • This quiz has been taken 22 times
  • The average score is 10 of 17
Answer Stats
Country Subdivision Type Answer % Correct
United States State Pennsylvania
100%
United States Territory Puerto Rico
93%
Panama Province Panamá
86%
Canada Province Prince Edward Island
86%
Trinidad and Tobago Municipality Port of Spain
79%
Mexico State Puebla
79%
Panama Province Panamá Oeste
64%
Trinidad and Tobago Region Princes Town
57%
Dominican Republic Province Puerto Plata
57%
Costa Rica Province Puntarenas
57%
Dominican Republic Province Peravia
50%
Jamaica Parish Portland
50%
Dominican Republic Province Pedernales
43%
Trinidad and Tobago Municipality Point Fortin
43%
Guatemala Department Petén
36%
Cuba Province Pinar del Río
36%
Trinidad and Tobago Region Penal–Debe
29%
No matching quizzes found
Score Distribution
Percent of People with Each Score
Percentile by Number Answered
Your Score History
You have not taken this quiz